| 000 | 00402nam a2200145 a 4500 | ||
|---|---|---|---|
| 001 | 000036936 | ||
| 005 | 20200930080031.0 | ||
| 008 | 120207s1958 sp a 000 0 spa d | ||
| 040 |
_aDO-SdBNP _bspa _cBNPHU |
||
| 082 |
_axxx _bF634m |
||
| 100 | 1 |
_aFlores, José _963336 |
|
| 245 | 1 | 0 |
_aMaría Jones y la Biblia / _cJosé Flores. |
| 260 |
_a[España] : _b[s.n.], _c1958. |
||
| 300 |
_a111 p. : ; _cil. _c17 cm. |
||
| 999 |
_c36426 _d36426 |
||